Normal view
MARC view
- Trials, litigation, etc
Entry Genre/Form Term
001 - CONTROL NUMBER
- control field: 87942
003 - CONTROL NUMBER IDENTIFIER
- control field: NUST
005 - DATE AND TIME OF LATEST TRANSACTION
- control field: 20220111113001.0
008 - FIXED-LENGTH DATA ELEMENTS
- fixed length control field: 220111|| aca||aabn | a|a d
040 ## - CATALOGING SOURCE
- Original cataloging agency: NUST
- Transcribing agency: NUST
155 ## - HEADING--GENRE/FORM TERM
- Genre/form term: Trials, litigation, etc
670 ## - SOURCE DATA FOUND
- Source citation: Work cat.: (NUST)587548: Civil law cases:, 2004.
